000 00910nam a2200193Ia 4500
003 GCL
008 140319s9999 xx 000 0 ara d
040 _aGCL /
_cGCL
082 0 4 _a953.07393
_bا م
100 1 _aابن كثير القرشى : عماد الدين ابوالفداء اسماعيل بن عمر بن كثير بن ضوء البصرى الدمشقى
245 1 0 _aالمختصر فى اخبار البشر :
_bتاريخ ابى الفداء /
_cابن كثير القرشى : عماد الدين ابوالفداء اسماعيل بن عمر بن كثير بن ضوء البصرى الدمشقى
260 _aالقاهرة :
_bمكتبة المتنبى
300 _a4 مج فى 2 ؛
_c24 سم
650 0 4 _aالعالم العربى
650 0 4 _aالدولة الايوبية
650 0 4 _aالايوبيون
650 0 4 _aالعالم الاسلامى - تاريخ
942 _2ddc
_cBK
999 _c32017
_d32017